Naháčci / (Záznam č. 34163)
| 000 -Návěští | |
|---|---|
| Řídící pole kódované 24B | 00408nam a2200169 i 4500 |
| 001 - Kontrolní číslo | |
| Řídící pole proměnné | nkc20263743812 |
| 003 - Identifikátor kontrolního čísla | |
| Řídící pole proměnné | CZ PrNK |
| 005 - Datum posledního zpracování | |
| Řídící pole 16B | 20260415090906.0 |
| 008 - Údaje pevné délky | |
| Řídící pole kódované 40B | 260415b |||||||| |||| 00| 0 eng d |
| 020 ## - ISBN | |
| ISBN | 9788028412982 |
| 245 00 - Údaje o názvu | |
| Název | Naháčci / |
| Údaj o odpovědností, atd. | Dorota Ambrožová |
| 250 ## - Údaje o vydání | |
| Označení vydání | Vydání první |
| 264 #1 - Nakladatelské údaje | |
| Místo vydání | Praha : |
| Nakladatel | Listen, |
| Rok vydání | 2026 |
| 300 ## - Fyzický popis | |
| Rozsah | 115 stran |
| 910 ## - Údaje o vlastníkovi jednotky (exempláře) | |
| Sigla vlastníka jednotky | ABG508 |
| Stav ztráty | Zdroj klasifikace pro skladování | Stav poškození |
|---|---|---|
| Universal Decimal Classification |